2020 College Football AP Poll - Statistics

General Stats
  • This quiz has been taken 149 times
  • The average score is 287 of 425
Answer Stats
Week Rank Team W L Conference % Correct
Preseason 2 Ohio State 0 0 Big Ten
99%
Week 3 (9/27) 6 Ohio State 0 0 Big Ten
99%
Week 4 (10/4) 6 Ohio State 0 0 Big Ten
99%
Week 5 (10/11) 6 Ohio State 0 0 Big Ten
99%
Week 6 (10/18) 5 Ohio State 0 0 Big Ten
99%
Week 7 (10/25) 3 Ohio State 1 0 Big Ten
99%
Week 8 (11/1) 3 Ohio State 2 0 Big Ten
99%
Week 9 (11/8) 3 Ohio State 3 0 Big Ten
99%
Week 10 (11/15) 3 Ohio State 3 0 Big Ten
99%
Week 11 (11/22) 3 Ohio State 4 0 Big Ten
99%
Week 12 (11/29) 3 Ohio State 4 0 Big Ten
99%
Week 13 (12/6) 3 Ohio State 5 0 Big Ten
99%
Week 14 (12/13) 3 Ohio State 5 0 Big Ten
99%
Week 15 (12/20) 3 Ohio State 6 0 Big Ten
99%
Postseason 2 Ohio State 7 1 Big Ten
99%
Preseason 3 Alabama 0 0 SEC
98%
Week 1 (9/13) 2 Alabama 0 0 SEC
98%
Week 2 (9/20) 2 Alabama 0 0 SEC
98%
Week 3 (9/27) 2 Alabama 1 0 SEC
98%
Week 4 (10/4) 2 Alabama 2 0 SEC
98%
Week 5 (10/11) 2 Alabama 3 0 SEC
98%
Week 6 (10/18) 2 Alabama 4 0 SEC
98%
Week 7 (10/25) 2 Alabama 5 0 SEC
98%
Week 8 (11/1) 2 Alabama 6 0 SEC
98%
Week 9 (11/8) 1 Alabama 6 0 SEC
98%
Week 10 (11/15) 1 Alabama 6 0 SEC
98%
Week 11 (11/22) 1 Alabama 7 0 SEC
98%
Week 12 (11/29) 1 Alabama 8 0 SEC
98%
Week 13 (12/6) 1 Alabama 9 0 SEC
98%
Week 14 (12/13) 1 Alabama 10 0 SEC
98%
Week 15 (12/20) 1 Alabama 11 0 SEC
98%
Postseason 1 Alabama 13 0 SEC
98%
Preseason 1 Clemson 0 0 ACC
94%
Week 1 (9/13) 1 Clemson 1 0 ACC
94%
Week 2 (9/20) 1 Clemson 2 0 ACC
94%
Week 3 (9/27) 1 Clemson 2 0 ACC
94%
Week 4 (10/4) 1 Clemson 3 0 ACC
94%
Week 5 (10/11) 1 Clemson 4 0 ACC
94%
Week 6 (10/18) 1 Clemson 5 0 ACC
94%
Week 7 (10/25) 1 Clemson 6 0 ACC
94%
Week 8 (11/1) 1 Clemson 7 0 ACC
94%
Week 9 (11/8) 4 Clemson 7 1 ACC
94%
Week 10 (11/15) 4 Clemson 7 1 ACC
94%
Week 11 (11/22) 4 Clemson 7 1 ACC
94%
Week 12 (11/29) 4 Clemson 8 1 ACC
94%
Week 13 (12/6) 4 Clemson 9 1 ACC
94%
Week 14 (12/13) 4 Clemson 9 1 ACC
94%
Week 15 (12/20) 2 Clemson 10 1 ACC
94%
Postseason 3 Clemson 10 2 ACC
94%
Preseason 14 Texas 0 0 Big 12
94%
Week 1 (9/13) 9 Texas 1 0 Big 12
94%
Week 2 (9/20) 8 Texas 1 0 Big 12
94%
Week 3 (9/27) 9 Texas 2 0 Big 12
94%
Week 4 (10/4) 22 Texas 2 1 Big 12
94%
Week 8 (11/1) 22 Texas 4 2 Big 12
94%
Week 9 (11/8) 21 Texas 5 2 Big 12
94%
Week 10 (11/15) 22 Texas 5 2 Big 12
94%
Week 11 (11/22) 20 Texas 5 2 Big 12
94%
Week 13 (12/6) 23 Texas 6 3 Big 12
94%
Week 14 (12/13) 21 Texas 6 3 Big 12
94%
Week 15 (12/20) 20 Texas 6 3 Big 12
94%
Postseason 19 Texas 7 3 Big 12
94%
Preseason 4 Georgia 0 0 SEC
93%
Week 1 (9/13) 4 Georgia 0 0 SEC
93%
Week 2 (9/20) 4 Georgia 0 0 SEC
93%
Week 3 (9/27) 4 Georgia 1 0 SEC
93%
Week 4 (10/4) 3 Georgia 2 0 SEC
93%
Week 5 (10/11) 3 Georgia 3 0 SEC
93%
Week 6 (10/18) 4 Georgia 3 1 SEC
93%
Week 7 (10/25) 5 Georgia 3 1 SEC
93%
Week 8 (11/1) 5 Georgia 4 1 SEC
93%
Week 9 (11/8) 12 Georgia 4 2 SEC
93%
Week 10 (11/15) 13 Georgia 4 2 SEC
93%
Week 11 (11/22) 13 Georgia 5 2 SEC
93%
Week 12 (11/29) 11 Georgia 6 2 SEC
93%
Week 13 (12/6) 12 Georgia 6 2 SEC
93%
Week 14 (12/13) 10 Georgia 7 2 SEC
93%
Week 15 (12/20) 11 Georgia 7 2 SEC
93%
Postseason 7 Georgia 8 2 SEC
93%
Preseason 6 LSU 0 0 SEC
92%
Week 1 (9/13) 6 LSU 0 0 SEC
92%
Week 2 (9/20) 6 LSU 0 0 SEC
92%
Week 3 (9/27) 20 LSU 0 1 SEC
92%
Week 4 (10/4) 17 LSU 1 1 SEC
92%
Preseason 5 Oklahoma 0 0 Big 12
92%
Week 1 (9/13) 3 Oklahoma 1 0 Big 12
92%
Week 2 (9/20) 3 Oklahoma 1 0 Big 12
92%
Week 3 (9/27) 18 Oklahoma 1 1 Big 12
92%
Week 7 (10/25) 24 Oklahoma 3 2 Big 12
92%
Week 8 (11/1) 19 Oklahoma 5 2 Big 12
92%
Week 9 (11/8) 18 Oklahoma 5 2 Big 12
92%
Week 10 (11/15) 18 Oklahoma 5 2 Big 12
92%
Week 11 (11/22) 14 Oklahoma 6 2 Big 12
92%
Week 12 (11/29) 13 Oklahoma 6 2 Big 12
92%
Week 13 (12/6) 13 Oklahoma 7 2 Big 12
92%
Week 14 (12/13) 12 Oklahoma 7 2 Big 12
92%
Week 15 (12/20) 8 Oklahoma 8 2 Big 12
92%
Postseason 6 Oklahoma 9 2 Big 12
92%
Preseason 16 Michigan 0 0 Big Ten
88%
Week 3 (9/27) 23 Michigan 0 0 Big Ten
88%
Week 4 (10/4) 20 Michigan 0 0 Big Ten
88%
Week 5 (10/11) 19 Michigan 0 0 Big Ten
88%
Week 6 (10/18) 18 Michigan 0 0 Big Ten
88%
Week 7 (10/25) 13 Michigan 1 0 Big Ten
88%
Week 8 (11/1) 23 Michigan 1 1 Big Ten
88%
Preseason 9 Oregon 0 0 Pac-12
87%
Week 3 (9/27) 14 Oregon 0 0 Pac-12
87%
Week 4 (10/4) 12 Oregon 0 0 Pac-12
87%
Week 5 (10/11) 12 Oregon 0 0 Pac-12
87%
Week 6 (10/18) 13 Oregon 0 0 Pac-12
87%
Week 7 (10/25) 14 Oregon 0 0 Pac-12
87%
Week 8 (11/1) 12 Oregon 0 0 Pac-12
87%
Week 9 (11/8) 11 Oregon 1 0 Pac-12
87%
Week 10 (11/15) 11 Oregon 2 0 Pac-12
87%
Week 11 (11/22) 9 Oregon 3 0 Pac-12
87%
Week 12 (11/29) 21 Oregon 3 1 Pac-12
87%
Week 15 (12/20) 25 Oregon 4 2 Pac-12
87%
Preseason 8 Florida 0 0 SEC
86%
Week 1 (9/13) 5 Florida 0 0 SEC
86%
Week 2 (9/20) 5 Florida 0 0 SEC
86%
Week 3 (9/27) 3 Florida 1 0 SEC
86%
Week 4 (10/4) 4 Florida 2 0 SEC
86%
Week 5 (10/11) 10 Florida 2 1 SEC
86%
Week 6 (10/18) 10 Florida 2 1 SEC
86%
Week 7 (10/25) 10 Florida 2 1 SEC
86%
Week 8 (11/1) 8 Florida 3 1 SEC
86%
Week 9 (11/8) 6 Florida 4 1 SEC
86%
Week 10 (11/15) 6 Florida 5 1 SEC
86%
Week 11 (11/22) 6 Florida 6 1 SEC
86%
Week 12 (11/29) 6 Florida 7 1 SEC
86%
Week 13 (12/6) 6 Florida 8 1 SEC
86%
Week 14 (12/13) 11 Florida 8 2 SEC
86%
Week 15 (12/20) 10 Florida 8 3 SEC
86%
Postseason 13 Florida 8 4 SEC
86%
Preseason 10 Notre Dame 0 0 ACC
85%
Week 1 (9/13) 7 Notre Dame 1 0 ACC
85%
Week 2 (9/20) 7 Notre Dame 2 0 ACC
85%
Week 3 (9/27) 5 Notre Dame 2 0 ACC
85%
Week 4 (10/4) 5 Notre Dame 2 0 ACC
85%
Week 5 (10/11) 4 Notre Dame 3 0 ACC
85%
Week 6 (10/18) 3 Notre Dame 4 0 ACC
85%
Week 7 (10/25) 4 Notre Dame 5 0 ACC
85%
Week 8 (11/1) 4 Notre Dame 6 0 ACC
85%
Week 9 (11/8) 2 Notre Dame 7 0 ACC
85%
Week 10 (11/15) 2 Notre Dame 8 0 ACC
85%
Week 11 (11/22) 2 Notre Dame 8 0 ACC
85%
Week 12 (11/29) 2 Notre Dame 9 0 ACC
85%
Week 13 (12/6) 2 Notre Dame 10 0 ACC
85%
Week 14 (12/13) 2 Notre Dame 10 0 ACC
85%
Week 15 (12/20) 4 Notre Dame 10 1 ACC
85%
Postseason 5 Notre Dame 10 2 ACC
85%
Preseason 7 Penn State 0 0 Big Ten
82%
Week 3 (9/27) 10 Penn State 0 0 Big Ten
82%
Week 4 (10/4) 9 Penn State 0 0 Big Ten
82%
Week 5 (10/11) 9 Penn State 0 0 Big Ten
82%
Week 6 (10/18) 8 Penn State 0 0 Big Ten
82%
Week 7 (10/25) 18 Penn State 0 1 Big Ten
82%
Preseason 13 Texas A&M 0 0 SEC
81%
Week 1 (9/13) 10 Texas A&M 0 0 SEC
81%
Week 2 (9/20) 10 Texas A&M 0 0 SEC
81%
Week 3 (9/27) 13 Texas A&M 1 0 SEC
81%
Week 4 (10/4) 21 Texas A&M 1 1 SEC
81%
Week 5 (10/11) 11 Texas A&M 2 1 SEC
81%
Week 6 (10/18) 7 Texas A&M 3 1 SEC
81%
Week 7 (10/25) 8 Texas A&M 3 1 SEC
81%
Week 8 (11/1) 7 Texas A&M 4 1 SEC
81%
Week 9 (11/8) 5 Texas A&M 5 1 SEC
81%
Week 10 (11/15) 5 Texas A&M 5 1 SEC
81%
Week 11 (11/22) 5 Texas A&M 5 1 SEC
81%
Week 12 (11/29) 5 Texas A&M 6 1 SEC
81%
Week 13 (12/6) 5 Texas A&M 7 1 SEC
81%
Week 14 (12/13) 5 Texas A&M 7 1 SEC
81%
Week 15 (12/20) 5 Texas A&M 8 1 Big 12
81%
Postseason 4 Texas A&M 9 1 SEC
81%
Preseason 24 Iowa 0 0 Big Ten
76%
Week 12 (11/29) 24 Iowa 4 2 Big Ten
76%
Week 13 (12/6) 19 Iowa 5 2 Big Ten
76%
Week 14 (12/13) 18 Iowa 6 2 Big Ten
76%
Week 15 (12/20) 17 Iowa 6 2 Big Ten
76%
Postseason 16 Iowa 6 2 Big Ten
76%
Preseason 17 USC 0 0 Pac-12
73%
Week 5 (10/11) 25 USC 0 0 Pac-12
73%
Week 6 (10/18) 24 USC 0 0 Pac-12
73%
Week 7 (10/25) 21 USC 0 0 Pac-12
73%
Week 8 (11/1) 20 USC 0 0 Pac-12
73%
Week 9 (11/8) 20 USC 1 0 Pac-12
73%
Week 10 (11/15) 20 USC 2 0 Pac-12
73%
Week 11 (11/22) 19 USC 3 0 Pac-12
73%
Week 12 (11/29) 17 USC 3 0 Pac-12
73%
Week 13 (12/6) 16 USC 3 0 Pac-12
73%
Week 14 (12/13) 13 USC 5 0 Pac-12
73%
Week 15 (12/20) 21 USC 5 1 Pac-12
73%
Postseason 21 USC 5 1 Pac-12
73%
Preseason 15 Oklahoma State 0 0 Big 12
71%
Week 1 (9/13) 11 Oklahoma State 0 0 Big 12
71%
Week 2 (9/20) 15 Oklahoma State 1 0 Big 12
71%
Week 3 (9/27) 17 Oklahoma State 2 0 Big 12
71%
Week 4 (10/4) 10 Oklahoma State 3 0 Big 12
71%
Week 5 (10/11) 7 Oklahoma State 3 0 Big 12
71%
Week 6 (10/18) 6 Oklahoma State 3 0 Big 12
71%
Week 7 (10/25) 6 Oklahoma State 4 0 Big 12
71%
Week 8 (11/1) 14 Oklahoma State 4 1 Big 12
71%
Week 9 (11/8) 14 Oklahoma State 5 1 Big 12
71%
Week 10 (11/15) 14 Oklahoma State 5 1 Big 12
71%
Week 11 (11/22) 21 Oklahoma State 5 2 Big 12
71%
Week 12 (11/29) 19 Oklahoma State 6 2 Big 12
71%
Postseason 20 Oklahoma State 8 3 Big 12
71%
Preseason 11 Auburn 0 0 SEC
69%
Week 1 (9/13) 8 Auburn 0 0 SEC
69%
Week 2 (9/20) 8 Auburn 0 0 SEC
69%
Week 3 (9/27) 7 Auburn 1 0 SEC
69%
Week 4 (10/4) 13 Auburn 1 1 SEC
69%
Week 5 (10/11) 15 Auburn 2 1 SEC
69%
Week 8 (11/1) 24 Auburn 4 2 SEC
69%
Week 9 (11/8) 24 Auburn 4 2 SEC
69%
Week 10 (11/15) 23 Auburn 4 2 SEC
69%
Week 11 (11/22) 22 Auburn 5 2 SEC
69%
Preseason 20 Cincinnati 0 0 American
69%
Week 1 (9/13) 13 Cincinnati 0 0 American
69%
Week 2 (9/20) 14 Cincinnati 1 0 American
69%
Week 3 (9/27) 15 Cincinnati 2 0 American
69%
Week 4 (10/4) 11 Cincinnati 3 0 American
69%
Week 5 (10/11) 8 Cincinnati 3 0 American
69%
Week 6 (10/18) 9 Cincinnati 3 0 American
69%
Week 7 (10/25) 7 Cincinnati 4 0 American
69%
Week 8 (11/1) 6 Cincinnati 5 0 American
69%
Week 9 (11/8) 7 Cincinnati 6 0 American
69%
Week 10 (11/15) 7 Cincinnati 7 0 American
69%
Week 11 (11/22) 7 Cincinnati 8 0 American
69%
Week 12 (11/29) 7 Cincinnati 8 0 American
69%
Week 13 (12/6) 7 Cincinnati 8 0 American
69%
Week 14 (12/13) 6 Cincinnati 8 0 American
69%
Week 15 (12/20) 6 Cincinnati 9 0 American
69%
Postseason 8 Cincinnati 9 1 American
69%
Preseason 23 Iowa State 0 0 Big 12
68%
Week 4 (10/4) 24 Iowa State 2 1 Big 12
68%
Week 5 (10/11) 20 Iowa State 3 1 Big 12
68%
Week 6 (10/18) 17 Iowa State 3 1 Big 12
68%
Week 7 (10/25) 23 Iowa State 3 2 Big 12
68%
Week 8 (11/1) 17 Iowa State 4 2 Big 12
68%
Week 9 (11/8) 17 Iowa State 5 2 Big 12
68%
Week 10 (11/15) 17 Iowa State 5 2 Big 12
68%
Week 11 (11/22) 15 Iowa State 6 2 Big 12
68%
Week 12 (11/29) 12 Iowa State 7 2 Big 12
68%
Week 13 (12/6) 10 Iowa State 8 2 Big 12
68%
Week 14 (12/13) 8 Iowa State 8 2 Big 12
68%
Week 15 (12/20) 12 Iowa State 8 3 Big 12
68%
Postseason 9 Iowa State 9 3 Big 12
68%
Preseason 25 Tennessee 0 0 SEC
66%
Week 1 (9/13) 15 Tennessee 0 0 SEC
66%
Week 2 (9/20) 16 Tennessee 0 0 SEC
66%
Week 3 (9/27) 21 Tennessee 1 0 SEC
66%
Week 4 (10/4) 14 Tennessee 2 0 SEC
66%
Week 5 (10/11) 18 Tennessee 2 1 SEC
66%
Preseason 12 Wisconsin 0 0 Big Ten
65%
Week 3 (9/27) 19 Wisconsin 0 0 Big Ten
65%
Week 4 (10/4) 16 Wisconsin 0 0 Big Ten
65%
Week 5 (10/11) 16 Wisconsin 0 0 Big Ten
65%
Week 6 (10/18) 14 Wisconsin 0 0 Big Ten
65%
Week 7 (10/25) 9 Wisconsin 1 0 Big Ten
65%
Week 8 (11/1) 10 Wisconsin 1 0 Big Ten
65%
Week 9 (11/8) 13 Wisconsin 1 0 Big Ten
65%
Week 10 (11/15) 10 Wisconsin 2 0 Big Ten
65%
Week 11 (11/22) 18 Wisconsin 2 1 Big Ten
65%
Week 12 (11/29) 18 Wisconsin 2 1 Big Ten
65%
Week 13 (12/6) 25 Wisconsin 2 2 Big Ten
65%
Preseason 18 North Carolina 0 0 ACC
62%
Week 1 (9/13) 12 North Carolina 1 0 ACC
62%
Week 2 (9/20) 11 North Carolina 1 0 ACC
62%
Week 3 (9/27) 12 North Carolina 1 0 ACC
62%
Week 4 (10/4) 8 North Carolina 2 0 ACC
62%
Week 5 (10/11) 5 North Carolina 3 0 ACC
62%
Week 6 (10/18) 14 North Carolina 3 1 ACC
62%
Week 7 (10/25) 15 North Carolina 4 1 ACC
62%
Week 11 (11/22) 25 North Carolina 6 2 ACC
62%
Week 13 (12/6) 20 North Carolina 7 3 ACC
62%
Week 14 (12/13) 16 North Carolina 8 3 ACC
62%
Week 15 (12/20) 14 North Carolina 8 3 ACC
62%
Postseason 18 North Carolina 8 4 ACC
62%
Week 1 (9/13) 17 Miami 1 0 ACC
61%
Week 2 (9/20) 12 Miami 2 0 ACC
61%
Week 3 (9/27) 8 Miami 3 0 ACC
61%
Week 4 (10/4) 7 Miami 3 0 ACC
61%
Week 5 (10/11) 13 Miami 3 1 ACC
61%
Week 6 (10/18) 11 Miami 4 1 ACC
61%
Week 7 (10/25) 12 Miami 4 1 ACC
61%
Week 8 (11/1) 11 Miami 5 1 ACC
61%
Week 9 (11/8) 9 Miami 6 1 ACC
61%
Week 10 (11/15) 12 Miami 7 1 ACC
61%
Week 11 (11/22) 10 Miami 7 1 ACC
61%
Week 12 (11/29) 9 Miami 7 1 ACC
61%
Week 13 (12/6) 9 Miami 8 1 ACC
61%
Week 14 (12/13) 19 Miami 8 2 ACC
61%
Week 15 (12/20) 18 Miami 8 2 ACC
61%
Postseason 22 Miami 8 3 ACC
61%
Week 12 (11/29) 23 Washington 3 0 Pac-12
61%
Week 1 (9/13) 23 Kentucky 0 0 SEC
56%
Week 2 (9/20) 23 Kentucky 0 0 SEC
56%
Week 1 (9/13) 21 BYU 1 0 Independent
55%
Week 2 (9/20) 18 BYU 1 0 Independent
55%
Week 3 (9/27) 22 BYU 2 0 Independent
55%
Week 4 (10/4) 15 BYU 3 0 Independent
55%
Week 5 (10/11) 14 BYU 4 0 Independent
55%
Week 6 (10/18) 12 BYU 5 0 Independent
55%
Week 7 (10/25) 11 BYU 6 0 Independent
55%
Week 8 (11/1) 9 BYU 7 0 Independent
55%
Week 9 (11/8) 8 BYU 8 0 Independent
55%
Week 10 (11/15) 8 BYU 8 0 Independent
55%
Week 11 (11/22) 8 BYU 9 0 Independent
55%
Week 12 (11/29) 8 BYU 9 0 Independent
55%
Week 13 (12/6) 14 BYU 9 1 Independent
55%
Week 14 (12/13) 14 BYU 10 1 Independent
55%
Week 15 (12/20) 13 BYU 10 1 Independent
55%
Postseason 11 BYU 11 1 Independent
55%
Week 6 (10/18) 25 Coastal Carolina 4 0 Sun Belt
49%
Week 7 (10/25) 20 Coastal Carolina 5 0 Sun Belt
49%
Week 8 (11/1) 15 Coastal Carolina 6 0 Sun Belt
49%
Week 9 (11/8) 15 Coastal Carolina 7 0 Sun Belt
49%
Week 10 (11/15) 15 Coastal Carolina 7 0 Sun Belt
49%
Week 11 (11/22) 16 Coastal Carolina 8 0 Sun Belt
49%
Week 12 (11/29) 14 Coastal Carolina 9 0 Sun Belt
49%
Week 13 (12/6) 11 Coastal Carolina 10 0 Sun Belt
49%
Week 14 (12/13) 9 Coastal Carolina 11 0 Sun Belt
49%
Week 15 (12/20) 9 Coastal Carolina 11 0 Sun Belt
49%
Postseason 14 Coastal Carolina 11 1 Sun Belt
49%
Week 7 (10/25) 17 Indiana 1 0 Big Ten
49%
Week 8 (11/1) 13 Indiana 2 0 Big Ten
49%
Week 9 (11/8) 10 Indiana 3 0 Big Ten
49%
Week 10 (11/15) 9 Indiana 4 0 Big Ten
49%
Week 11 (11/22) 12 Indiana 4 1 Big Ten
49%
Week 12 (11/29) 10 Indiana 5 1 Big Ten
49%
Week 13 (12/6) 8 Indiana 6 1 Big Ten
49%
Week 14 (12/13) 7 Indiana 6 1 Big Ten
49%
Week 15 (12/20) 7 Indiana 6 1 Big Ten
49%
Postseason 12 Indiana 6 2 Big Ten
49%
Preseason 21 UCF 0 0 American
49%
Week 1 (9/13) 14 UCF 0 0 American
49%
Week 2 (9/20) 13 UCF 1 0 American
49%
Week 3 (9/27) 11 UCF 2 0 American
49%
Week 3 (9/27) 16 Mississippi State 1 0 SEC
47%
Week 6 (10/18) 23 NC State 4 1 ACC
47%
Week 14 (12/13) 24 NC State 8 3 ACC
47%
Week 15 (12/20) 24 NC State 8 3 ACC
47%
Week 1 (9/13) 22 Army 2 0 Independent
45%
Week 2 (9/20) 22 Army 2 0 Independent
45%
Preseason 22 Utah 0 0 Pac-12
45%
Preseason 19 Minnesota 0 0 Big Ten
44%
Week 4 (10/4) 25 Minnesota 0 0 Big Ten
44%
Week 5 (10/11) 24 Minnesota 0 0 Big Ten
44%
Week 6 (10/18) 21 Minnesota 0 0 Big Ten
44%
Week 9 (11/8) 23 Northwestern 3 0 Big Ten
44%
Week 10 (11/15) 19 Northwestern 4 0 Big Ten
44%
Week 11 (11/22) 11 Northwestern 5 0 Big Ten
44%
Week 12 (11/29) 16 Northwestern 5 1 Big Ten
44%
Week 13 (12/6) 15 Northwestern 5 1 Big Ten
44%
Week 14 (12/13) 15 Northwestern 6 1 Big Ten
44%
Week 15 (12/20) 15 Northwestern 6 2 Big Ten
44%
Postseason 10 Northwestern 7 2 Big Ten
44%
Week 1 (9/13) 20 Virginia Tech 0 0 ACC
44%
Week 2 (9/20) 20 Virginia Tech 0 0 ACC
44%
Week 4 (10/4) 19 Virginia Tech 2 0 ACC
44%
Week 5 (10/11) 23 Virginia Tech 2 1 ACC
44%
Week 6 (10/18) 19 Virginia Tech 3 1 ACC
44%
Week 5 (10/11) 22 Kansas State 3 1 Big 12
40%
Week 6 (10/18) 20 Kansas State 3 1 Big 12
40%
Week 7 (10/25) 16 Kansas State 4 1 Big 12
40%
Week 1 (9/13) 25 Pittsburgh 1 0 ACC
38%
Week 2 (9/20) 21 Pittsburgh 2 0 ACC
38%
Week 3 (9/27) 24 Pittsburgh 3 0 ACC
38%
Week 1 (9/13) 18 Louisville 1 0 ACC
36%
Week 2 (9/20) 24 Louisville 1 1 ACC
36%
Week 7 (10/25) 25 Boise State 1 0 Mountain West
35%
Week 8 (11/1) 21 Boise State 2 0 Mountain West
35%
Week 1 (9/13) 16 Memphis 1 0 American
31%
Week 2 (9/20) 17 Memphis 1 0 American
31%
Week 3 (9/27) 25 Memphis 1 0 American
31%
Week 4 (10/4) 18 SMU 4 0 American
31%
Week 5 (10/11) 17 SMU 4 0 American
31%
Week 6 (10/18) 16 SMU 5 0 American
31%
Week 7 (10/25) 22 SMU 5 1 American
31%
Week 8 (11/1) 18 SMU 6 1 American
31%
Week 9 (11/8) 19 SMU 7 1 American
31%
Week 1 (9/13) 19 Louisiana 1 0 Sun Belt
26%
Week 2 (9/20) 19 Louisiana 2 0 Sun Belt
26%
Week 4 (10/4) 23 Louisiana 3 0 Sun Belt
26%
Week 5 (10/11) 21 Louisiana 3 0 Sun Belt
26%
Week 9 (11/8) 25 Louisiana 6 1 Sun Belt
26%
Week 10 (11/15) 24 Louisiana 7 1 Sun Belt
26%
Week 11 (11/22) 23 Louisiana 7 1 Sun Belt
26%
Week 12 (11/29) 20 Louisiana 8 1 Sun Belt
26%
Week 13 (12/6) 17 Louisiana 9 1 Sun Belt
26%
Week 14 (12/13) 17 Louisiana 9 1 Sun Belt
26%
Week 15 (12/20) 16 Louisiana 9 1 Sun Belt
26%
Postseason 15 Louisiana 10 1 Sun Belt
26%
Week 13 (12/6) 21 Colorado 4 0 Pac-12
22%
Week 1 (9/13) 23 Appalachian State 1 0 Sun Belt
21%
Week 8 (11/1) 25 Liberty 6 0 Independent
19%
Week 9 (11/8) 22 Liberty 7 0 Sun Belt
19%
Week 10 (11/15) 21 Liberty 8 0 Independent
19%
Week 12 (11/29) 25 Liberty 9 1 Independent
19%
Week 13 (12/6) 22 Liberty 9 1 Independent
19%
Week 14 (12/13) 22 Liberty 9 1 Independent
19%
Week 15 (12/20) 23 Liberty 9 1 Independent
19%
Postseason 17 Liberty 10 1 Independent
19%
Week 10 (11/15) 25 Tulsa 4 1 American
16%
Week 11 (11/22) 24 Tulsa 5 1 American
16%
Week 12 (11/29) 22 Tulsa 5 1 American
16%
Week 13 (12/6) 18 Tulsa 6 1 American
16%
Week 14 (12/13) 20 Tulsa 6 1 American
16%
Week 15 (12/20) 22 Tulsa 6 2 American
16%
Week 2 (9/20) 25 Marshall 2 0 C-USA
11%
Week 6 (10/18) 22 Marshall 4 0 C-USA
11%
Week 7 (10/25) 19 Marshall 5 0 C-USA
11%
Week 8 (11/1) 16 Marshall 5 0 C-USA
11%
Week 9 (11/8) 16 Marshall 6 0 C-USA
11%
Week 10 (11/15) 15 Marshall 7 0 C-USA
11%
Week 11 (11/22) 17 Marshall 7 0 C-USA
11%
Week 12 (11/29) 15 Marshall 7 0 C-USA
11%
Week 14 (12/13) 25 San Jose State 6 0 Mountain West
11%
Week 15 (12/20) 19 San Jose State 7 0 Mountain West
11%
Postseason 24 San Jose State 7 1 Mountain West
11%
Week 13 (12/6) 24 Buffalo 4 0 MAC
6%
Week 14 (12/13) 23 Buffalo 5 0 MAC
6%
Postseason 25 Buffalo 6 1 MAC
6%
Postseason 23 Ball State 7 1 MAC
4%
No matching quizzes found
Score Distribution
Percent of People with Each Score
Percentile by Number Answered
Your Score History
You have not taken this quiz